Loading...

The psychological impact of the partition of India /

Bibliographic Details
Main Author: Jain, Sanjeev (Psychiatrist) (Author)
Other Authors: Sarin, Alok (Editor)
Format: Printed Book
Language:English
Subjects:
LEADER 01222cam a22003378i 4500
001 20370686
003 OSt
005 20190715212423.0
008 180223s2018 ii 001 0 eng
010 |a  2018000712 
020 |a 9789352806508 (hbk) 
020 |z 9789352806515 (e-pub) 
020 |z 9789352806522 (e-book) 
040 |a DLC  |b eng  |e rda  |c DLC 
042 |a pcc 
043 |a a-ii--- 
082 0 0 |a 362.1968900954  |2 23  |b SAN.P 
245 0 4 |a The psychological impact of the partition of India /  |c edited by Sanjeev Jain and Alok Sarin. 
263 |a 1805 
300 |a pages cm 
500 |a Includes index. 
650 0 |a Mental health  |z India  |x History  |y 20th century. 
651 0 |a India  |x History  |y Partition, 1947  |x Psychological aspects. 
651 0 |a India  |x Civilization  |y 1947-  |x Psychological aspects. 
700 1 |a Jain, Sanjeev  |c (Psychiatrist),  |e author. 
700 1 |a Sarin, Alok,  |e editor. 
906 |a 7  |b cbc  |c orignew  |d 1  |e ecip  |f 20  |g y-gencatlg 
942 |2 ddc  |c BK 
955 |b rm15 2018-02-23  |i rm15 2018-02-23 (telework) to Dewey 
999 |c 23664  |d 23664 
952 |0 0  |1 0  |2 ddc  |4 0  |6 362_196890095400000_SAN_P  |7 0  |9 26186  |a CAMPUS  |b CAMPUS  |d 2019-03-19  |l 0  |o 362.1968900954 SAN.P  |p 28364  |r 2019-03-19  |w 2019-03-19  |y BK